| 000 | 01254nam a2200301 a 4500 | ||
|---|---|---|---|
| 001 | BRCA_4988 | ||
| 005 | 20190320204906.0 | ||
| 008 | 281010s1792----mx-######v---#000-0#spa-# | ||
| 041 | _aspa | ||
| 044 | _amx | ||
| 084 |
_aDOC84 _b.M67 _c1792 |
||
| 100 | 1 |
_aMoreno y Chacón, Diego _912704 |
|
| 245 | 1 | 0 |
_aDocumento expedido por Don Diego Moreno y Chacón _cDon Diego Moreno y Chacón. |
| 260 |
_aMéxico _c1792 |
||
| 300 |
_a[6] fojas _c31 x 21 cm |
||
| 500 | _aDocumento expedido el 24 de febrero de 1792 | ||
| 500 | _aDocumento de Acta de Verduría e instrucciones de las minas que se hizo en Zacatecas a pedimento de Don Diego Chacón | ||
| 500 | _aEl documento tiene la leyenda DOC. #244 | ||
| 500 | _aPapel con marca de agua | ||
| 500 | _aEstado de conservación: Contiene en los márgenes dobleces y rasgos de acificación | ||
| 506 | 0 | _aFondo reservado: para su consulta es necesario credencial de usuario y carta de motivos | |
| 546 | _aTexto en: español de finales del siglo XVIII | ||
| 600 | 1 | 4 |
_aMoreno Chacón, Diego _912705 |
| 650 | 1 | 4 |
_aMinería _vManuscrito _xHistoria _yColonia, 1521-1821 _zZacatecas _912706 |
| 651 | 4 |
_aMéxico _vManuscrito _xHistoria _yColonia, 1521-1821 _zZacatecas _912707 |
|
| 902 | _aFDH | ||
| 942 |
_2lcc _cD |
||
| 999 |
_c4682 _d4682 |
||